=LDR 00000nam 2200000 4500 =001 INLIS000000000038517 =005 20200227111236 =035 ##$$a 0010-061300000038517 =008 200227################g##########0#ind## =041 ##$$a Ind =082 ##$$a 153.3 =090 ##$$a 153.3., Muh p =100 ##$$a Muhibbuddin, Muhammad =245 1#$$a The power of imagination : $b Bagaimana imajinasi mestinya di asah/dimanfaatkan untuk kemajuan diri /$c Muhammad Muhibbuddin; Editor, Desy Wijaya =260 ##$$a Jogjakarta :$b Buku biru =300 ##$$a 228 hlm : $b ilus ; $c 20 x 14 cm =650 #4$$a Imajinasi =850 ##$$a NBPNMAT =020 ##$$a 978-602-978-619-4 =084 ##$$a 153.3 MUH t =250 ##$$a Cet. 1 =504 ##$$a Bibliografi: halaman 223-228 =990 ##$$a 21110300/pb/2011 =990 ##$$a 92099/BPAP-NTB/2014 =990 ##$$a 21400613/BPAP-NTB/20142014